- Ugrinovics, D. M.: A vallás specifikuma. Moszkva, 1961. 156 p.
Elmentve itt :
| Szerző: | |
|---|---|
| Adatforrás: | Philobibl |
| Forrásdokumentuma: | Magyar Filozófiai Szemle 6 1962/6., 954-956. p. |
| Dokumentumtípus: | Cikk |
| Nyelv: | magyar |
| LEADER | 00330nab a2200097 c 4500 | ||
|---|---|---|---|
| 001 | bibDOK00007239 | ||
| 005 | 20200924120309.8 | ||
| 008 | 060518s1962 hu hun | ||
| 100 | 1 | |a Somogyi János | |
| 245 | 1 | 0 | |a - Ugrinovics, D. M.: A vallás specifikuma. Moszkva, 1961. 156 p. |c Somogyi János |
| 773 | 0 | |t Magyar Filozófiai Szemle 6 |g 1962/6., 954-956. p. | |